Alex Warren Discography - Statistics

General Stats
  • This quiz has been taken 16 times
  • The average score is 19 of 30
Answer Stats
Album # Answer % Correct
You'll Be Alright, Kid (Disc 2) 3 Carry You Home
100%
You'll Be Alright, Kid (Disc 1) 6 Ordinary
100%
You'll Be Alright, Kid (Disc 2) 10 You'll Be Alright, Kid
100%
You'll Be Alright, Kid (Disc 1) 4 Bloodline (with Jelly Roll)
91%
You'll Be Alright, Kid (Disc 2) 7 Save You a Seat
91%
You'll Be Alright, Kid (Disc 1) 1 Eternity
82%
Single FEVER DREAM
82%
You'll Be Alright, Kid (Disc 1) 3 First Time On Earth
82%
You'll Be Alright, Kid (Disc 2) 4 Troubled Waters
82%
You'll Be Alright, Kid (Disc 2) 1 Burning Down
73%
You'll Be Alright, Kid (Disc 2) 5 Heaven Without You
73%
You'll Be Alright, Kid (Disc 1) 10 You Can't Stop This
73%
You'll Be Alright, Kid (Disc 2) 6 Before You Leave Me
64%
You'll Be Alright, Kid (Disc 2) 8 Chasing Shadows
64%
You'll Be Alright, Kid (Disc 1) 7 Everything
64%
You'll Be Alright, Kid (Disc 1) 8 Getaway Car
64%
You'll Be Alright, Kid (Disc 1) 5 Never Be Far
64%
You'll Be Alright, Kid (Disc 1) 2 The Outside
64%
You'll Be Alright, Kid (Disc 2) 9 Yard Sale
64%
Single FINE PLACE TO DIE
55%
You'll Be Alright, Kid (Disc 1) 11 On My Mind (with Rosé)
55%
You'll Be Alright, Kid (Disc 1) 9 Who I Am
55%
You'll Be Alright, Kid (Disc 2) 2 Catch My Breath
45%
Single Give You Love
45%
Single Headlights
45%
Single Change Your Mind
36%
Single How Could You (Be OK)
36%
Single One More I Love You
36%
Single Screaming Underwater
36%
Single Remember Me Happy
27%
No matching quizzes found
Score Distribution
Percent of People with Each Score
Percentile by Number Answered
Your Score History
You have not taken this quiz